1194 1376 1650 1220 1143 1723 1556 1441 1187 1170 1955 1873 1613 1782 1119 1826 1731 1110 1115 1466 1650 1724 1200 1367 1651 1998 1030 1474 1213 1316 1482 1648 1344 1593 1089 1718 1248 1947 1606 1836 1852 1863 1702 1525 1592 1249 1983 1287 1655 1786 1940 1484 1946 1636 1744 1809 1303 1477 1007 1922 1844 1673 1067 1153 1841 1467 1443 1968 1382 1940 1074 1721 1419 1383 1200 1025 1475 1870 1659 1264 1962 1278 1683 1794 1850 1190 1481 1301 1109 1326 1989 1354 1049 1005 1246 1207 1001 1614 1732 BCNSPRNW ULIB Ver.6.0+V

เปลี่ยนเป็นภาษาไทย

Change to English
 แสดงรายละเอียดบรรณานุกรม
  กลับหน้าหลัก

Brief Record : Get Marc (ISO 2709) : E-mail record : QR code < ปิดหน้าต่าง
LEADER : 00000nam 2200000uu 4500
001    13399120874
003     ULIB
008    020711sมปป. th a 000 0 tha d
020    978616904507
050    DS589.B2 อ44ว
100    อุดม เชียกีวงศ์
245    วิถีชีวิตของชุมชนที่อาศัยอยู่ริมแม่น้ำ
250    พิมพ์ครั้งที่ 1
260    2552 :^bม.ป.ท.,^cม.ป.ป.
300    256 หน้า
945    ^p150^l0^i16683
999    ^aทศพร เกษรทอง
รายการนี้ยังไม่มีแท็ก
คุณยังไม่ได้ล็อกอิน คุณสามารถมีกิจกรรมร่วมกับเว็บไซต์ได้ แต่ต้องล็อกอินก่อน ::
  ล็อกอิน

รายการสื่อสารสนเทศ

ลำดับที่ ประเภท เลขเรียก/บาร์โค้ด สถานที่ สถานะ
1. วิทยาศาสตร์การแพทย์ และสุขภาพ
วิทยาศาสตร์การแพทย์ และสุขภาพ
DS589.B2 อ44ว  
  Barcode: 16683
ห้องสมุดวิทยาเขตสวรรค์ประชารักษ์
►หนังสือทั่วไป
บนชั้น

BibComment


ยังไม่เคยถูกคอมเมนท์

คอมเมนท์ทรัพยากรรายการนี้
  คอมเมนท์: วิถีชีวิตของชุมชน..


 Copyright 2026. Bcnsprnw @Library